000
00370nam a2200181Ia 4500
003
IT-RoPAU
008
120407s9999 xx 000 0 und d
040
_a
IT-RoPAU
040
_c
IT-RoPAU
100
_a
Gustavo Sacerdote
245
_a
Vita di Garibaldi
250
_a
Milano
260
_a
Rizzoli
300
_c
cm
490
_v
2
942
_c
BK
999
_c
10259
_d
10259